000 00967nam a2200265 a 4500
005 20171010120954.0
008 140310b1996 pe ao|||r|||| 00| 0 spa d
040 _aCO-BoIAVH
_cCO-BoIAVH
041 0 _aspa
044 _ape
082 0 4 _a633.73
_bF475g
090 _aLB
_b03019
100 1 _aFigueroa Zevallos, Raúl
_eautor
245 1 0 _aGuía para la caficultura ecológica :
_bcafé orgánico /
_cRaúl Figueroa Zevallos, Beatriz Fischersworring y Robert Rosskamp Ripken
260 _aLima (Perú) :
_bGTZ,
_c1996.
300 _a176 páginas :
_bilustraciones (algunas a color) y fotografías a color ;
_c30 x 21 cm.
650 2 6 _aAgricultura alternativa
650 1 6 _aCafé
_xCultivo
_vGuías
650 2 6 _aCafé
_xViveros
650 2 6 _aConservación de suelos
662 _aPerú
700 1 _aFischersworring Hömberg, Beatriz
_eautora
700 1 _aRosskamp Ripken, Robert
_eautor
942 _cMapa
_2ddc
999 _c3258
_d3258